Statistics for Countries With Highest Cancer Rates

Click here to take the quiz!

General Stats

  • This quiz has been taken 117 times
  • The average score is 4 of 8

Answer Stats

HintAnswer% Correct
318.0United States
100%
324.6France
76%
323.0Australia
64%
318.3Norway
37%
307.9Ireland
35%
338.1Denmark
33%
307.8South Korea
29%
321.1Belgium
26%

Score Distribution

Percentile by Number Answered

Percent of People with Each Score

Your Score History

You have not taken this quiz